000 00289nam a2200133Ia 4500
100 _aGoldberg/David.E.
942 _cBK
366 _f15
654 _aAlgorithms-Genetic
245 _aGenetic Algorithms
260 _bPearson Education.
_aNew Delhi.
300 _a412
546 _aENGLISH
999 _c22048
_d22048